The tradition of science : Landmarks of Western science in the collections of the Library of Congress

Any real understanding of where we stand scientifically today and where we are headed depends to a great extent on an awareness of how we reached those scientific achievements. The increased impact of science and technology on our lives makes such an understanding even more important. For this reaso...

Cijeli opis

Spremljeno u:
Bibliografski detalji
Glavni autor: Bruno, Leonard C.
Format: Knjiga
Jezik:Undetermined
Izdano: Washington, D.C. Library of congress 1987
Teme:
Oznake: Dodaj oznaku
Bez oznaka, Budi prvi tko označuje ovaj zapis!
Thư viện lưu trữ: Trung tâm Học liệu Trường Đại học Cần Thơ
LEADER 01200nam a2200217Ia 4500
001 CTU_231793
008 210402s9999 xx 000 0 und d
082 |a 509 
082 |b B898 
100 |a Bruno, Leonard C. 
245 4 |a The tradition of science : 
245 0 |b Landmarks of Western science in the collections of the Library of Congress 
245 0 |c Leonard C Bruno 
260 |a Washington, D.C. 
260 |b Library of congress 
260 |c 1987 
520 |a Any real understanding of where we stand scientifically today and where we are headed depends to a great extent on an awareness of how we reached those scientific achievements. The increased impact of science and technology on our lives makes such an understanding even more important. For this reason, this book is intended to provide information about the major works of science in the collections of the Library of Congress. These selected works are organized here by traditional scientific discipline and are treated in historical and, generally, chronological order. 
650 |a Khoa học,Science 
650 |x Lịch sử,History 
910 |b dqhieu 
980 |a Trung tâm Học liệu Trường Đại học Cần Thơ